| 000 -LEADER |
| fixed length control field |
00591nam a22001937a 4500 |
| 008 - FIXED-LENGTH DATA ELEMENTS--GENERAL INFORMATION |
| fixed length control field |
151002b xxu||||| |||| 00| 0 eng d |
| 020 ## - INTERNATIONAL STANDARD BOOK NUMBER |
| International Standard Book Number |
0618066454 |
| 041 0# - LANGUAGE CODE |
| Language code of text/sound track or separate title |
eng |
| 080 ## - UNIVERSAL DECIMAL CLASSIFICATION NUMBER |
| Universal Decimal Classification number |
512.5 |
| 100 ## - Rafti |
| Rafti |
Larson, Ron, |
| 245 10 - TITLE STATEMENT |
| Title |
College algebra / |
| Statement of responsibility, etc |
Ron Larson, Robert P. Hostetler ; with the assistance of David C. Falvo. |
| 250 ## - |
| -- |
5th ed., instructor's annotated ed. |
| 260 ## - |
| -- |
Boston : |
| -- |
Houghton Mifflin, |
| -- |
2001. |
| 300 ## - |
| -- |
1 v. (various pagings) : |
| -- |
me il.; |
| -- |
26 cm. |
| 650 #0 - |
| -- |
Algjebra |
| 700 1# - |
| -- |
Hostetler, Robert P. |
| 700 1# - |
| -- |
Falvo, David C. |
| 942 ## - ADDED ENTRY ELEMENTS (KOHA) |
| Source of classification or shelving scheme |
|
| Item type |
Books |